| 000 | 01082nam0a22003131 4500 | ||
|---|---|---|---|
| 001 | v19\rc\1918888 | ||
| 005 | 20260405175048.0 | ||
| 035 | _a(NLR Aleph) 005006029 | ||
| 090 |
_a6436783 _c6436783 |
||
| 100 | _a20080404d1912 u y0rusy50 ca | ||
| 101 | 1 |
_arus _cfre |
|
| 102 | _aRU | ||
| 105 | _ay z |||a| | ||
| 200 | 1 |
_aИсточник Вилли _aСвадебная поездка _aПокушение _aОстановка Агасфера _e[Рассказы] _fВилли |
|
| 210 |
_aСанкт-Петербург _cМ.Г. Корнфельд _d1912 |
||
| 215 |
_a61 с. _d15 |
||
| 225 | 1 |
_aДешевая юмористическая библиотека "Сатирикона" _vВып. 43 |
|
| 700 | 0 |
_8rus _7ca _aВилли _f1859-1931 _3RU\NLR\AUTH\7776202 _959130 |
|
| 801 | 0 |
_aRU _bNLR _gpsbo |
|
| 801 | 0 |
_aRU _bRuMoRGB _2psbo |
|
| 801 | 1 |
_aRU _bProSoft-M _2rusmarc |
|
| 852 |
_aNLR _j37.33.10.1(43) |
||
| 899 |
_aRuMoRGB _jU 85/369 (вып. 43) |
||
| 899 |
_aRuMoRGB _jМК |
||
| 899 | _aБАН | ||
| 899 | _aНБ СПбГУ | ||
| 942 | _cBOOK | ||
| 980 | _aNB | ||